[Event "15th Padova Open 2012"]
[Site "Padova ITA"]
[Date "2012.12.16"]
[Round "1.10"]
[White "Gallo,E"]
[Black "Mogranzini,R"]
[Result "0-1"]
[WhiteElo "2074"]
[BlackElo "2489"]

1.e4 c5 2.Nf3 e6 3.d4 cxd4 4.Nxd4 a6 5.Nc3 Qc7 6.g3 Bb4 7.Ne2 Nf6 8.Bg2 Nc6
9.O-O Be7 10.a4 d6 11.b3 b6 12.Ba3 Bb7 13.Qd2 O-O 14.Nf4 Rac8 15.Rad1 Ne5
16.Bb2 b5 17.axb5 axb5 18.Rfe1 b4 19.Na4 Qa5 20.Bd4 Nfd7 21.Ra1 Qb5 22.c4 bxc3
23.Nxc3 Qc6 24.Rac1 Nc5 25.Qd1 Bg5 26.Na4 Bxf4 27.gxf4 Ned3 28.Qg4 g6 29.Nxc5 dxc5
30.Bf6 Qd6 31.e5 Qd4 32.Qh4 Bxg2 33.Rc4 Qxf2+ 34.Qxf2 Bd5 35.Rc3 Nxf2 36.Kxf2 Rc7
37.Rec1 Rfc8 38.Ke3 Kf8 39.Kd3 Bxb3 40.Ke2 c4 41.Ke3 Ke8 42.h4 h5 43.Ra1 Kd7
44.Kd4 Kc6 45.Ra6+ Kb5 46.Rd6 Ra8 47.Bd8 Rb7 48.Rc1 Ra2 49.Ke3 Kc5 50.Bg5 Bc2
51.Rd2 Ra3+ 52.Kf2 Bd3 53.Ke3 Bf5+ 54.Kf2 c3 55.Rd8 c2 56.Bh6 Kc4 57.Bf8 Ra5
58.Rc8+ Kb3 59.Bc5 Kb2 60.Re1 Ra4 61.Be3 Rbb4 62.Bc1+ Ka2 63.Kg3 Rb3+ 64.Kg2 Rb1
65.Kf2 Rxc1 66.Rxc1 Kb2 67.Re1 Rxf4+ 68.Kg3 Rg4+ 69.Kf2 Rf4+ 70.Kg3 Re4 71.Rb8+ Kc3
72.Rc8+ Kd2 73.Rxe4 Bxe4 74.Kf4 Bf5 75.Rd8+ Bd3  0-1

[Event "19th Zadar Open A"]
[Site "Zadar CRO"]
[Date "2012.12.16"]
[Round "1.9"]
[White "Zelcic,R"]
[Black "Paljusaj,E"]
[Result "1-0"]
[WhiteElo "2560"]
[BlackElo "2323"]

1.e4 c5 2.Nf3 e6 3.d4 cxd4 4.Nxd4 a6 5.Nc3 Qc7 6.Be2 Nc6 7.O-O Nf6 8.a4 Bb4
9.Bg5 Bxc3 10.Bxf6 Bxd4 11.Bxd4 Nxd4 12.Qxd4 e5 13.Qb4 a5 14.Qa3 d6 15.Bb5+ Ke7
16.Qg3 g6 17.f4 f6 18.Ra3 Bd7 19.Bxd7 Qxd7 20.Raf3 exf4 21.Rxf4 Raf8 22.Qf2 Qxa4
23.Rxf6 Qe8 24.e5  1-0

[Event "19th Zadar Open B"]
[Site "Zadar CRO"]
[Date "2012.12.16"]
[Round "1.5"]
[White "Martinovic,F"]
[Black "Medancic,R"]
[Result "0-1"]
[WhiteElo "1927"]
[BlackElo "2236"]

1.Nf3 c5 2.e4 e6 3.d4 cxd4 4.Nxd4 a6 5.Nc3 b5 6.Bd3 Qc7 7.O-O Nf6 8.Be3 Bb7
9.f3 Be7 10.a3 O-O 11.Qd2 d6 12.Qf2 Nbd7 13.Nb3 Rac8 14.Rac1 d5 15.Kh1 dxe4
16.Bxe4 Bxe4 17.Nxe4 Nxe4 18.fxe4 Qe5 19.Bd4 Qxe4 20.Qg3 Qg6 21.Qf2 Bg5 22.Be3 Bxe3
23.Qxe3 Rxc2 24.Rxc2 Qxc2 25.Nd4 Qxb2 26.h3 Nf6 27.Rf2 Qb1+ 28.Kh2 Qe4 29.Qxe4 Nxe4
30.Rc2 h6 31.Rc6 Rd8 32.Nf3 Rd6 33.Rc8+ Kh7 34.Ra8 f6 35.Ne1 h5 36.h4 Nf2
37.Nc2 Ng4+ 38.Kg3 Rd3+ 39.Kf4 Rc3 40.Nb4 Rxa3 41.Rxa6 Ra4 42.Rxa4 bxa4 43.Ke4 Kg6
44.g3 e5 45.Kd3 Nh6 46.Ke4 a3 47.Nc2 a2  0-1

[Event "19th Zadar Open A"]
[Site "Zadar CRO"]
[Date "2012.12.16"]
[Round "1.2"]
[White "Jakic,I"]
[Black "Kozul,Z"]
[Result "0-1"]
[WhiteElo "2415"]
[BlackElo "2638"]

1.e4 c5 2.Nf3 e6 3.d4 cxd4 4.Nxd4 a6 5.Nc3 Qc7 6.Bd3 Nf6 7.O-O d6 8.a4 b6
9.Qf3 Nbd7 10.Bd2 Bb7 11.Rfe1 Ne5 12.Qh3 h5 13.Nb3 Be7 14.f4 Neg4 15.Re2 d5
16.exd5 Nxd5 17.Nxd5 Bxd5 18.Rf1 f5 19.Rfe1 Kf7 20.Nd4 Bc5 21.c3 Qd7 22.Be3 a5
23.Nxe6 Bxe3+ 24.Rxe3 Nxe3 25.Ng5+ Kg6 26.Rxe3 Rae8 27.Rg3 Kh6 28.Bxf5 Re1+
29.Kf2 Qe8 30.Re3 Rxe3 31.Qxe3 Qxe3+ 32.Kxe3 Re8+ 33.Be4 Bb3 34.Kd4 g6 35.Nf3 Rd8+
36.Ke3 Bxa4 37.Ne5 Be8 38.h3 Rd1 39.Nc4 Re1+ 40.Kd4 Re2 41.Kd3 Re1 42.Nxb6 h4
43.c4 Kg7 44.c5 Bb5+ 45.Kd4 Rc1 46.b3 Rd1+ 47.Ke5 Re1 48.Kd4 Kf6 49.Nd5+ Kf7
50.Nc3 Be8 51.Bd5+ Ke7 52.Ne4 Rd1+ 53.Ke5 Bf7 54.Bxf7 Kxf7 55.Ng5+ Ke8 56.Nf3 Rb1
57.Nd4 Rb2 58.Nc6 Rxb3 59.Nxa5 Rg3 60.Nc6 Rxg2 61.Kf6 Rg3 62.Ne5 Rxh3 63.Kg5 Rh1
64.Kg4 Kd8 65.Nf3 h3 66.Kg3 Ke7 67.Ne5 Kf6 68.c6 Rc1 69.Kxh3 Kf5 70.Nf3 Kxf4
71.Nd4 Ke4  0-1

[Event "Norberto La Porta Open A"]
[Site "Buenos Aires ARG"]
[Date "2012.12.17"]
[Round "3"]
[White "Alonso,S"]
[Black "Cuevas,A"]
[Result "0-1"]
[WhiteElo "2524"]
[BlackElo "2246"]

1.e4 c5 2.Nf3 e6 3.d4 cxd4 4.Nxd4 a6 5.Nc3 Qc7 6.Bd3 Nf6 7.f4 d6 8.Qe2 Nbd7
9.Nf3 b5 10.e5 b4 11.Na4 dxe5 12.fxe5 Nd5 13.Bd2 Nc5 14.Nxc5 Bxc5 15.Ng5 h6
16.Ne4 Bd7 17.Rf1 Be7 18.Qh5 g6 19.Qf3 Qxe5 20.Qxf7+ Kd8 21.Qxg6 Qxb2 22.Rd1 Rc8
23.Qg3 Bb5 24.Nd6 Qd4 25.Nf7+ Kd7 26.Ne5+ Kd8 27.Bxb5 Qe4+ 28.Be3 Bh4 29.Nf7+ Ke7
30.Rf3 axb5 31.Rd4 Bxg3+ 32.hxg3 Qxc2  0-1

[Event "ITT Cerrado LAB IM 2012"]
[Site "Bogota COL"]
[Date "2012.12.18"]
[Round "2.3"]
[White "Santos Morales,N"]
[Black "Martinez,Jor"]
[Result "1-0"]
[WhiteElo "2017"]
[BlackElo "2195"]

1.e4 c5 2.Nf3 e6 3.d4 cxd4 4.Nxd4 a6 5.Nc3 Qc7 6.g3 Nf6 7.Bg2 d6 8.O-O Be7
9.Be3 O-O 10.f4 Nc6 11.Nxc6 bxc6 12.Na4 Nd7 13.c4 Bb7 14.Rc1 Rfd8 15.Qe2 Bf6
16.c5 Qa5 17.b3 dxc5 18.Nxc5 Nxc5 19.Rxc5 Qb4 20.e5 Be7 21.Rc4 Qb5 22.Qc2 h5
23.a4 Qa5 24.b4 Qc7 25.b5 axb5 26.axb5 c5 27.Bxc5 Bxc5+ 28.Rxc5 Qb6 29.Bxb7 Qxb7
30.Qg2 Qb6 31.Qc6 Qa5 32.b6 Qd2 33.Rf2 Qe1+ 34.Kg2 Ra1 35.Rcc2 h4 36.b7 hxg3
37.Kxg3 Ra3+ 38.Kh4 Kh7 39.Re2 Qd1 40.Qc7 Qd3 41.Qc2 Rb3 42.Qxd3+ Rdxd3 43.Rb2 Rh3+
44.Kg4 Rbe3 45.b8=Q Rh6 46.f5 Reh3  1-0

[Event "ITT Cerrado LAB GM"]
[Site "Bogota COL"]
[Date "2012.12.18"]
[Round "3.3"]
[White "Rojas Barrero,A"]
[Black "Alvarez Pedraza,A"]
[Result "0-1"]
[WhiteElo "2247"]
[BlackElo "2513"]

1.e4 c5 2.Nf3 e6 3.d4 cxd4 4.Nxd4 a6 5.Nc3 b5 6.Bd3 Qb6 7.Nb3 Qc7 8.O-O Nf6
9.f4 b4 10.Ne2 Bb7 11.e5 Nd5 12.Qe1 a5 13.Qg3 h5 14.h4 Nc6 15.c4 bxc3 16.bxc3 a4
17.Nd2 Bc5+ 18.Kh1 Nce7 19.Nc4 Ba6 20.Qf3 Nf5 21.Bxf5 Bxc4 22.Bd3 Be7 23.Bxc4 Qxc4
24.g3 g6 25.Be3 Rb8 26.Bd4 Rb2 27.Rf2 Rxa2 28.Rb1 O-O 29.g4 hxg4 30.Qxg4 Qd3
31.Rg1 Kg7 32.Rh2 Rh8 33.h5 Qe4+ 34.Rgg2 Ra1+ 35.Bg1 Ne3 36.h6+ Rxh6  0-1

[Event "15th Padova Open 2012"]
[Site "Padova ITA"]
[Date "2012.12.18"]
[Round "4.7"]
[White "Vocaturo,D"]
[Black "Efimov,Ig"]
[Result "1/2-1/2"]
[WhiteElo "2521"]
[BlackElo "2413"]

1.e4 c5 2.Nf3 e6 3.d4 cxd4 4.Nxd4 a6 5.Nc3 Ne7 6.f4 Nbc6 7.Nf3 d5 8.Bd3 dxe4
9.Nxe4 Nf5 10.c3 Be7 11.Qe2 Qc7 12.Bd2 Bd7 13.O-O Rd8 14.Kh1 Bc8 15.Rad1 Nd6
16.Nf2 b5 17.Ng4 Bb7 18.Nge5 Nxe5 19.Qxe5 Bf6 20.Qh5 Be4 21.Be3 Bxd3 22.Rxd3 Nf5
23.Rxd8+ Qxd8 24.Bc1 Qd5 25.g4 g6 26.Qh3 Nd6 27.a3 h5  1/2-1/2

[Event "Subotica IM 2012"]
[Site "Subotica SRB"]
[Date "2012.12.19"]
[Round "8.5"]
[White "Stankovic,Milo"]
[Black "Dinev,De"]
[Result "1-0"]
[WhiteElo "2359"]
[BlackElo "2357"]

1.e4 c5 2.Nf3 e6 3.d4 cxd4 4.Nxd4 a6 5.Nc3 Qc7 6.Be2 Bb4 7.O-O Nf6 8.Qd3 d6
9.Bd2 Bc5 10.Nb3 Ba7 11.Rad1 Nbd7 12.Bf4 e5 13.Bc1 Bb8 14.Qg3 b5 15.Nd5 Qd8
16.Bg5 Nxe4 17.Bxd8 Nxg3 18.fxg3 Kxd8 19.Rxf7 g6 20.Na5 Ba7+ 21.Kh1 Nb8 22.Nc7 Bb6
23.Rxd6+ Nd7 24.Nxa8 Bxa5 25.Bg4 Ke8 26.Rfxd7 Bxd7 27.Rxd7 h5 28.Nc7+  1-0

[Event "Norberto La Porta Open A"]
[Site "Buenos Aires ARG"]
[Date "2012.12.20"]
[Round "5"]
[White "Elman,C"]
[Black "Lozano,Betania"]
[Result "1-0"]
[WhiteElo "2134"]
[BlackElo "2005"]

1.e4 c5 2.Nf3 e6 3.d4 cxd4 4.Nxd4 a6 5.Nc3 Qc7 6.Bd3 Bc5 7.Nb3 Ba7 8.Qg4 Ne7
9.Bf4 d6 10.Qxg7 Rg8 11.Qxh7 Nbc6 12.Bg3 Bd7 13.Qh6 O-O-O 14.O-O-O e5 15.Qd2 Be6
16.Qe2 Bxb3 17.cxb3 Nd4 18.Qh5 Ng6 19.Kb1 Kb8 20.Nd5 Qa5 21.Qh6 f5 22.b4  1-0

[Event "23rd Metropolitan GM"]
[Site "Los Angeles USA"]
[Date "2012.12.20"]
[Round "3"]
[White "Shen,V"]
[Black "Chibukhchian,A"]
[Result "1/2-1/2"]
[WhiteElo "2419"]
[BlackElo "2448"]

1.e4 c5 2.Nf3 e6 3.d4 cxd4 4.Nxd4 a6 5.Nc3 Qc7 6.Bd3 Nf6 7.f4 d6 8.Qe2 Nc6
9.Nxc6 bxc6 10.O-O Nd7 11.b3 Be7 12.Bb2 Nc5 13.Rf3 Nxd3 14.cxd3 e5 15.f5 a5
16.Rc1 Bg5 17.Rcf1 Ba6 18.Kh1 Rd8 19.Qc2 Rd7 20.Bc1 Bxc1 21.Rxc1 Qd8 22.f6 g6
23.Nd1 Bb7 24.Ne3 h5 25.Nc4 Ba6 26.Ne3 Bb7 27.Qc3 O-O 28.Rcf1 Re8 29.Qd2 Re6
30.Nf5 Qf8 31.Qg5 d5 32.Rh3 dxe4 33.dxe4 Qd8 34.Nh6+ Kf8 35.Ng4 Rd4 36.Nxe5 Qxf6
37.Nxg6+ Ke8 38.Qc1 Qxg6 39.Rg3 Qh7 40.Qc5 Rdxe4 41.Qa7 Re1 42.Qb8+ Ke7 43.Qxb7+ Kf8
44.Qb8+ Ke7 45.Qc7+ Ke8 46.Rf3 Rxf1+ 47.Rxf1 Qg6 48.Qc8+ Ke7 49.Rd1 Kf6 50.Qh8+ Kg5
51.Rf1 f6 52.h3 Re8 53.h4+ Kxh4 54.Qxf6+ Qxf6 55.Rxf6 Re2 56.Rxc6 Rxa2 57.Rg6 a4  1/2-1/2

[Event "23rd Metropolitan GM"]
[Site "Los Angeles USA"]
[Date "2012.12.21"]
[Round "4"]
[White "Amanov,Z"]
[Black "Ramirez,Alej"]
[Result "0-1"]
[WhiteElo "2359"]
[BlackElo "2554"]

1.e4 c5 2.Nf3 e6 3.d4 cxd4 4.Nxd4 a6 5.Nc3 Qc7 6.g3 Nf6 7.Bg2 d6 8.O-O Be7
9.f4 O-O 10.g4 Nfd7 11.g5 Nc6 12.Nb3 Re8 13.Rf3 Bf8 14.Rh3 g6 15.f5 exf5
16.Nd5 Qd8 17.exf5 Bg7 18.f6 Bf8 19.Be3 Nc5 20.Rh4 Bf5 21.Nd4 Nxd4 22.Rxd4 Rc8
23.c3 Ne6 24.Rd2 Rc4 25.Qf1 Rg4 26.h3 Rxg5 27.Bxg5 Nxg5 28.Re1 Nxh3+ 29.Kh2 Ng5
30.Rxe8 Qxe8 31.Re2 Be6 32.Qf4 h6 33.Qb4 Qd7 34.Qa5 Bh3 35.Bh1 Bf1 36.Re3 Kh7
37.Qb4 Qf5 38.Qf4 Qc2+ 39.Kg3 Bh3 40.Re8 Qd1 41.Kh2 Qh5 42.Kg3 Bd7 43.Re1 Qh3+
44.Kf2 Qd3 45.Qe3 Qf5+ 46.Ke2 Qc2+ 47.Qd2 Bb5+ 48.Ke3 Qf5 49.Qd4 h5 50.c4 Bh6  0-1

[Event "23rd Metropolitan GM"]
[Site "Los Angeles USA"]
[Date "2012.12.22"]
[Round "7"]
[White "Amanov,Z"]
[Black "Shen,V"]
[Result "0-1"]
[WhiteElo "2359"]
[BlackElo "2419"]

1.e4 c5 2.Nf3 e6 3.d4 cxd4 4.Nxd4 a6 5.Nc3 d6 6.g3 Nf6 7.Bg2 Be7 8.O-O O-O
9.f4 Qc7 10.Be3 Nc6 11.Nb3 Nd7 12.Qe2 Re8 13.g4 b5 14.a3 Bb7 15.g5 Bf8 16.Rf3 g6
17.Rh3 Bg7 18.Rd1 b4 19.axb4 Nxb4 20.Qf2 Rac8 21.Rd2 Ba8 22.Qh4 Nf8 23.f5 exf5
24.exf5 Bxg2 25.Rxg2 Bxc3 26.bxc3 Qxc3 27.Bd2 Qxc2 28.Qxb4 Rc4 29.Be1 Qxf5  0-1

[Event "11th IM Int"]
[Site "Sao Jose do Rio Preto BRA"]
[Date "2012.12.22"]
[Round "8.4"]
[White "Oliveira,Si"]
[Black "Valiente,C"]
[Result "1/2-1/2"]
[WhiteElo "2321"]
[BlackElo "2240"]

1.e4 c5 2.Nf3 e6 3.d4 cxd4 4.Nxd4 a6 5.Nc3 Qc7 6.Be2 Nf6 7.O-O Be7 8.f4 d6
9.Be3 O-O 10.g4 d5 11.exd5 Nxd5 12.Nxd5 exd5 13.Bf3 Rd8 14.c3  1/2-1/2

[Event "Groningen Open A"]
[Site "Groningen NED"]
[Date "2012.12.23"]
[Round "3.27"]
[White "Dhar,S"]
[Black "Piasetski,L"]
[Result "0-1"]
[WhiteElo "2091"]
[BlackElo "2310"]

1.e4 c5 2.Nf3 e6 3.d4 cxd4 4.Nxd4 a6 5.Nc3 b5 6.Bd3 Qb6 7.Nb3 Qc7 8.O-O Nf6
9.f4 Bb7 10.e5 Nd5 11.Ne4 Be7 12.Kh1 Nb4 13.Be3 Nxd3 14.cxd3 Bxe4 15.dxe4 Nc6
16.Rc1 O-O 17.Rf3 g6 18.f5 Rfd8 19.f6 Bf8 20.Qe1 Qxe5 21.Bb6 Qxb2 22.Bxd8 Rxd8
23.Qh4 Ne5 24.Rh3 h5 25.Qg5 Kh7 26.Rcc3 Qe2 27.Qc1 Ng4 28.Rhf3 Bh6 29.Qg1 Qxe4
30.Nc5 Qd5 31.Rfd3 Qxa2 32.Ne4 Qe2 33.h3 Qxe4 34.hxg4 Qxg4 35.Qb6 Qh4+ 36.Kg1 Rf8
37.Rf3 Qe1+ 38.Kh2 Qe5+ 39.Kh1 h4 40.Qxa6 Qe1+ 41.Kh2 Bf4+ 42.Kh3 Be5 43.Rc2 Qe4
44.Rc8 Rxc8 45.Qxc8 g5 46.Qf8 g4+ 47.Kxh4 gxf3+ 48.Kh3 Qg6 49.g4 Qh6+  0-1

[Event "Groningen Open A"]
[Site "Groningen NED"]
[Date "2012.12.23"]
[Round "3.38"]
[White "Dijkhuis,Tycho"]
[Black "Van Overdam,Jan"]
[Result "0-1"]
[WhiteElo "2062"]
[BlackElo "2157"]

1.e4 c5 2.Nf3 e6 3.d4 cxd4 4.Nxd4 a6 5.Nc3 Qc7 6.g3 Nc6 7.Bg2 Nf6 8.O-O Bc5
9.Be3 d6 10.Nxc6 Bxe3 11.Nd4 Bh6 12.g4 g6 13.f4 Bg7 14.h3 Qc5 15.Kh1 Nxg4
16.Nxe6 fxe6 17.hxg4 O-O 18.Qd2 h5 19.g5 e5 20.f5 gxf5 21.exf5 Bxf5 22.Bd5+ Kh8
23.g6 Qd4 24.Qh2 Bxg6 25.Bxb7 Rab8 26.Bf3 Qf4 27.Qh3 Qf5 28.Qg2 Kh7 29.Nd5 e4
30.Be2 Qxd5 31.Rg1 Rf6 32.Rad1 Qe5 33.c4 Qf4 34.Qh3 e3 35.Rxg6 Rxg6 36.Bd3 Qg4
37.Bxg6+ Qxg6 38.Rd5 Be5  0-1

[Event "23rd Metropolitan GM"]
[Site "Los Angeles USA"]
[Date "2012.12.23"]
[Round "8"]
[White "Yankovsky,R"]
[Black "Chibukhchian,A"]
[Result "1-0"]
[WhiteElo "2474"]
[BlackElo "2448"]

1.e4 c5 2.Nf3 e6 3.d4 cxd4 4.Nxd4 a6 5.Nc3 Qc7 6.g3 Bb4 7.Ne2 Nf6 8.Bg2 Nc6
9.Bf4 Qb6 10.O-O O-O 11.e5 Ne8 12.Ne4 Be7 13.Nd6 Nxd6 14.exd6 Bf6 15.Rb1 Qd8
16.Nc3 b6 17.Be3 Rb8 18.Na4 a5 19.c4 e5 20.Be4 Nd4 21.f4 Ne6 22.fxe5 Bg5
23.Bf2 b5 24.cxb5 Rxb5 25.Bxh7+ Kxh7 26.Qd3+ f5 27.Qxb5 Qe8 28.Nb6 Qg6 29.Rbd1 Bb7
30.Nxd7 Be4 31.Nxf8+ Nxf8 32.Rfe1 Qh5 33.Rxe4 fxe4 34.Re1 Ne6 35.Qe2 Qh3
36.Qxe4+ g6 37.Be3 Qh5 38.Kg2 Bd8 39.Rf1 Kh8 40.Rf2  1-0

[Event "Groningen Open A"]
[Site "Groningen NED"]
[Date "2012.12.24"]
[Round "4.25"]
[White "Schoorl,R"]
[Black "Van Overdam,Jan"]
[Result "1-0"]
[WhiteElo "2366"]
[BlackElo "2157"]

1.e4 c5 2.Nf3 e6 3.d4 cxd4 4.Nxd4 a6 5.Nc3 Qc7 6.Bd3 Nc6 7.Nxc6 bxc6 8.O-O d5
9.Qe2 Bb7 10.b3 Nf6 11.Bb2 Be7 12.Rad1 Nd7 13.Na4 Bf6 14.Bxf6 gxf6 15.f4 Qa5
16.Qe3 Ke7 17.c4 Rhg8 18.Be2 dxe4 19.Qxe4 f5 20.Qd4 Qc7 21.Nc5 Nxc5 22.Qxc5+ Kf6
23.Rd6 Rac8 24.Rfd1 Rgd8 25.Qe5+ Ke7 26.Rxd8  1-0

[Event "XLII Rilton Cup"]
[Site "Stockholm SWE"]
[Date "2012.12.27"]
[Round "1.35"]
[White "Mikalsen,E"]
[Black "Von Bahr,O"]
[Result "1/2-1/2"]
[WhiteElo "2074"]
[BlackElo "2299"]

1.e4 c5 2.Nf3 e6 3.d4 cxd4 4.Nxd4 a6 5.Nc3 Qc7 6.Be2 Nf6 7.O-O Nc6 8.Nxc6 bxc6
9.Re1 Bd6 10.g3 O-O 11.Bf3 Be5 12.Qe2 a5 13.Bg5 Ba6 14.Qe3 Rab8 15.b3 h6
16.Bxf6 gxf6 17.Rad1 d5 18.Na4 Kg7 19.Be2 Bxe2 20.Rxe2 dxe4 21.Qxe4 Rfd8
22.Red2 Rd5 23.Qe3 Rbd8 24.Rd3 f5 25.Nb6 Rxd3 26.Rxd3 Rxd3 27.cxd3 Bf6 28.Qc5 Qd8
29.Nc4 Qxd3 30.Qxa5 Bc3 31.Qc7 Qb1+ 32.Kg2 Qe4+ 33.Kg1 Bd4 34.Qf4 Qb1+ 35.Kg2 c5
36.Qd2 Qe4+ 37.f3 Qb1 38.Qe2 f4 39.g4 h5 40.Ne5 Qg1+ 41.Kh3 f6 42.Nd3 hxg4+
43.fxg4 e5 44.Nxf4 exf4 45.Qe7+  1/2-1/2

[Event "XLII Rilton Cup"]
[Site "Stockholm SWE"]
[Date "2012.12.27"]
[Round "1.6"]
[White "Karlsson,T"]
[Black "Miezis,N"]
[Result "0-1"]
[WhiteElo "2239"]
[BlackElo "2596"]

1.e4 c5 2.Nc3 e6 3.Nf3 a6 4.d4 cxd4 5.Nxd4 Qc7 6.Bd3 Nc6 7.Nxc6 dxc6 8.O-O Nf6
9.Qe2 e5 10.a4 a5 11.Bc4 Bd6 12.Be3 O-O 13.f3 Qe7 14.Qf2 Be6 15.Bxe6 fxe6
16.Qe2 Bc5 17.Rfd1 Rad8 18.Rxd8 Rxd8 19.Nd1 Qd6 20.Bxc5 Qxc5+ 21.Ne3 Nh5
22.Qe1 Nf4 23.Kh1 Rd4 24.g3 Nh3 25.Kg2 Ng5 26.h4 Nf7 27.c3 Rd3 28.Kf2 Qb6
29.Rb1 Qb3 30.Qe2 Rxc3 31.bxc3 Qxb1 32.Qd2 g6 33.Nc4 Qb3 34.Qd3 Qxa4 35.Nd6 Qa3
36.Nxf7 Kxf7 37.Qd7+ Qe7 38.Qc8 a4 39.Qh8 Qf8 40.Qxe5 Qd8 41.Qf4+ Ke8 42.Qe5 Kd7
43.Qd4+ Kc7 44.Qe5+ Kb6 45.Ke2 Qd7 46.c4 Qe7 47.Qc3 e5 48.Qb2+ Ka6 49.Qa2 Qb4
50.Kd3 Ka5 51.Kc2 Qc5  0-1

[Event "29th Travemuender Schach-Open"]
[Site "Travemuende GER"]
[Date "2012.12.27"]
[Round "1.4"]
[White "Just,A"]
[Black "Mainka,R"]
[Result "0-1"]
[WhiteElo "1975"]
[BlackElo "2431"]

1.e4 c5 2.Nf3 e6 3.d4 cxd4 4.Nxd4 a6 5.Nc3 Qc7 6.Be2 b5 7.f4 Bb7 8.Bf3 Nc6
9.Nxc6 Bxc6 10.Be3 Rc8 11.O-O Bb7 12.a3 Nh6 13.Kh1 f6 14.f5 Nf7 15.Bg4 Qc6
16.Qd4 Be7 17.Rad1 Ne5 18.Be2 Bc5 19.Qxc5 Qxc5 20.Bxc5 Rxc5 21.Rd6 Rc6 22.Rfd1 Ke7
23.R6d4 Rhc8 24.Kg1 Rc5 25.a4 bxa4 26.Rxa4 Nc4 27.Rb4 R8c7 28.Na4 R5c6 29.Rd4 Nd6
30.Nc3 a5 31.Ra4 Rc5 32.g4 Bc6 33.Ra1 e5 34.Rdd1 Nxe4 35.Nxe4 Bxe4 36.c3 Bc2
37.Rd2 Bb3 38.Ra3 Bf7 39.b4 Rxc3 40.Rxc3 Rxc3 41.bxa5 Ra3 42.a6 Ra5 43.Kf2 Bd5
44.Rb2 Bc6 45.Rb8 Ra2 46.Ke1 Bd5 47.Rb4 Rxe2+ 48.Kd1 Bf3 49.Kc1 Ra2 50.Rb8 Rxa6
51.Rh8 Bxg4 52.Rxh7 Kf7  0-1

[Event "5th Marseille Open"]
[Site "Marseille FRA"]
[Date "2012.12.28"]
[Round "5.27"]
[White "Bourgery,W"]
[Black "Rousseau,Je"]
[Result "0-1"]
[WhiteElo "1766"]
[BlackElo "1922"]

1.e4 c5 2.Nf3 e6 3.d4 cxd4 4.Nxd4 a6 5.Nc3 Qc7 6.Be3 Nf6 7.f3 Bb4 8.Qd2 d5
9.Nde2 dxe4 10.O-O-O Nc6 11.a3 Be7 12.fxe4 O-O 13.Nf4 Na5 14.h3 b5 15.Qf2 Nc4
16.Bxc4 bxc4 17.Bd4 Rb8 18.e5 Nd7 19.Ne4 Nxe5 20.Nh5 f6 21.Qg3 Rf7 22.Rhf1 Kf8
23.Ng5 Nd3+ 24.Rxd3 Qxg3 25.Rxg3 fxg5 26.Rxf7+ Kxf7 27.Nxg7 Bb7 28.Re3 Bd5
29.g4 Bd6 30.Nh5 Kg6 31.Kd1 Rf8 32.Ke2 Bh2 33.Nf6 Rxf6 34.Bxf6 Kxf6 35.b3 Bf4
36.Rc3 Be5 37.Re3 Bd4 38.Rg3 e5 39.c3 Bb6 40.bxc4 Bxc4+ 41.Kd2 e4 42.a4 e3+
43.Kc1 Ke5 44.a5 Bc5 45.Kc2 Kf4 46.Rg1 e2 47.Rh1 Ke3 48.h4 Bd3+ 49.Kc1 Ba3+  0-1

[Event "Pan-Am Intercollegiate 2012"]
[Site "Princeton USA"]
[Date "2012.12.28"]
[Round "2"]
[White "Ulrich,Douglas Samuel"]
[Black "Bercys,S"]
[Result "0-1"]
[WhiteElo "1927"]
[BlackElo "2422"]

1.e4 c5 2.Nf3 e6 3.d4 cxd4 4.Nxd4 a6 5.Nc3 Qc7 6.Bd3 Nc6 7.Nf3 Nge7 8.O-O Ng6
9.Be3 b5 10.Ne2 Bd6 11.Ned4 O-O 12.c4 bxc4 13.Bxc4 Nxd4 14.Qxd4 Ne5 15.Rac1 Nxf3+
16.gxf3 Bxh2+ 17.Kg2 Qb8 18.Qd2 Bc7 19.Rh1 Rd8 20.Bg5 Re8 21.Rh3 f6 22.Be3 Re7
23.Rch1 g6 24.f4 Bb7 25.f3 Rg7 26.Kf1 Bc6 27.Qh2 h5 28.Qc2 Bxf4 29.Bxf4 Qxf4
30.Bxe6+ dxe6 31.Qxc6 Rd8 32.Qc3 Rc7  0-1

[Event "XLII Rilton Cup"]
[Site "Stockholm SWE"]
[Date "2012.12.28"]
[Round "2.5"]
[White "Sipila,V"]
[Black "L'Ami,E"]
[Result "1-0"]
[WhiteElo "2425"]
[BlackElo "2625"]

1.e4 c5 2.Nf3 e6 3.d4 cxd4 4.Nxd4 a6 5.Nc3 d6 6.Bd3 b5 7.a4 b4 8.Nce2 Bb7
9.O-O Nf6 10.Ng3 h5 11.h4 Nbd7 12.Bg5 Be7 13.Qd2 Rb8 14.Qxb4 Bxe4 15.Qd2 Bxd3
16.Qxd3 Qb6 17.a5 Qb7 18.Rfb1 Ne5 19.Qe2 g6 20.b4 O-O 21.b5 axb5 22.a6 Qd5
23.Nxb5 Rfc8 24.a7 Ra8 25.Rd1 Qc4 26.Nxd6 Qxe2 27.Nxe2 Rc7 28.Nd4 Bxd6 29.Nb5 Nd5
30.Nxd6 Rcxa7 31.Rxa7 Rxa7 32.Ne8 Ra5 33.Rb1 Ra8 34.Nf6+ Kg7 35.Nxd5 exd5
36.Be3 Nc6 37.Rb6 Rc8 38.c3 Kf6 39.Kf1 Kf5 40.f3 Nd8 41.Bd2 Ne6 42.Rb4 Rc4
43.Rb7 f6 44.g3 Ke5 45.Ke2 Ra4 46.Rb5 f5 47.Rb6 d4 48.Rb5+ Kd6 49.Rb4 Rxb4
50.cxb4 Kd5 51.Kd3 Nd8 52.f4 Nb7 53.Be1 Nd6 54.Bf2 Ne4 55.Bxd4 Nxg3 56.b5 Ne4
57.b6 Kc6 58.Bg1 Ng3 59.Be3 Ne4 60.Bg1 Ng3 61.Kc4 Ne4 62.Kb4 Nf6 63.Kc4 Ne4
64.Bd4 Nd6+ 65.Kb4 Nb7 66.Bg1 Nd6 67.Ka5 Kb7 68.Bd4 Ne4 69.Kb5 Nd2 70.Kc5 Nf3
71.Bf2 Nd2 72.Kd5 Ne4 73.Be3 Nc3+ 74.Kd6 Ne4+ 75.Ke6 Nc3 76.Kf7 Nd5 77.Kxg6 Nxe3
78.Kxh5 Kxb6 79.Kg5 Nc4 80.h5  1-0

[Event "29th Travemuender Schach-Open"]
[Site "Travemuende GER"]
[Date "2012.12.28"]
[Round "3.9"]
[White "Freter,A"]
[Black "Feldtmann,T"]
[Result "0-1"]
[WhiteElo "1900"]
[BlackElo "2276"]

1.e4 c5 2.Nf3 e6 3.d4 cxd4 4.Nxd4 a6 5.Nc3 Qc7 6.Be3 Bb4 7.Bd2 Nf6 8.Bd3 Nc6
9.Nb3 Be7 10.O-O d6 11.f4 b5 12.a3 Nd7 13.g4 h6 14.Qf3 Nb6 15.Ne2 Na4 16.Rab1 Bf6
17.c3 Bb7 18.Ng3 g6 19.Be3 Bg7 20.Nd4 Nc5 21.Bxb5 axb5 22.Nxb5 Qb8 23.Rfd1 Bf8
24.Bxc5 dxc5 25.Qd3 Be7 26.Qd7+ Kf8 27.f5 Ne5 28.Qc7 Qxc7 29.Nxc7 Rc8 30.Nb5 c4
31.fxe6 Bc5+ 32.Kh1 fxe6 33.h3 Ke7 34.b4 cxb3 35.Rxb3 Ba8 36.a4 Rhf8 37.Nd4 Rf2
38.Rb5 Bxd4 39.cxd4 Nf3 40.Nf1 Rcc2  0-1

[Event "ALG-TUR Women 2012"]
[Site "Algiers ALG"]
[Date "2012.12.29"]
[Round "6.4"]
[White "Yahiaoui,Asma"]
[Black "Cemhan,K"]
[Result "0-1"]
[WhiteElo "1571"]
[BlackElo "2031"]

1.e4 c5 2.Nf3 e6 3.d4 cxd4 4.Nxd4 a6 5.Nc3 Qc7 6.Be3 Nf6 7.a3 Be7 8.Be2 O-O
9.O-O d6 10.f4 b5 11.Qe1 Bb7 12.Bd3 Nbd7 13.Nb3 Rfe8 14.Qg3 Rac8 15.Rae1 e5
16.fxe5 dxe5 17.Kh1 Bf8 18.Bg5 Re6 19.Rf3 g6 20.Ref1 Bg7 21.Qh4 Qd6 22.Bh6 Rf8
23.Bxg7 Kxg7 24.g4 b4 25.axb4 Qxb4 26.g5 Nh5 27.Qf2 f5 28.gxf6+ Nhxf6 29.h4 Nxe4
30.Rf7+ Rxf7 31.Qxf7+ Kh6 32.Nxe4 Bxe4+ 33.Bxe4 Qxe4+ 34.Kh2 Qxh4+ 35.Kg2 Qe4+
36.Kg3 Rd6 37.Rf2 Qe3+ 38.Kg2 Qg5+ 39.Kf1 Rd1+ 40.Ke2 Qg4+ 41.Ke3 Re1+ 42.Kd2 Qd1+
43.Kc3 Re3+ 44.Kb4 Qd6+ 45.Ka5 Qc7+ 46.Kb4 Qb6+ 47.Ka3 Qa5+  0-1

[Event "Groningen Open A"]
[Site "Groningen NED"]
[Date "2012.12.29"]
[Round "8.26"]
[White "Van Assendelft,F"]
[Black "Bosker,Peter"]
[Result "1-0"]
[WhiteElo "2403"]
[BlackElo "2170"]

1.e4 c5 2.Nf3 e6 3.d4 cxd4 4.Nxd4 a6 5.Nc3 Qc7 6.Bd3 Nc6 7.Nxc6 bxc6 8.O-O Nf6
9.Qe1 e5 10.f4 d6 11.Kh1 Be7 12.fxe5 dxe5 13.Qh4 Rb8 14.Nd1 a5 15.Bg5 Be6
16.b3 a4 17.Ne3 Ng8 18.Nf5 Bxf5 19.exf5 axb3 20.axb3 Nf6 21.Rae1 h6 22.Rf3 Kd7
23.Bc1 Nd5 24.Qh5 Rhf8 25.Bc4 Ra8 26.Bb2 Bf6 27.Rd1 Ra2 28.Bxd5 cxd5 29.Rxd5+ Ke7
30.Rc3 Qb6 31.Rcd3 Rxb2 32.Rd7+ Ke8 33.Qd1 Ra2 34.R3d6 Qb8 35.h3 Ra7 36.Qd5 Ra1+
37.Kh2 Ra7 38.Re6+  1-0

[Event "88th Hastings Masters"]
[Site "Hastings ENG"]
[Date "2012.12.29"]
[Round "2.3"]
[White "Zhou,Y"]
[Black "Kulaots,K"]
[Result "0-1"]
[WhiteElo "2419"]
[BlackElo "2581"]

1.e4 c5 2.Nf3 e6 3.Nc3 a6 4.d4 cxd4 5.Nxd4 b5 6.Bd3 Qb6 7.Nf3 Qc7 8.O-O Bb7
9.Re1 Be7 10.Bd2 Nc6 11.Qe2 Nb4 12.e5 f5 13.Rac1 Nh6 14.a3 Nc6 15.Bxh6 gxh6
16.Qe3 Nd8 17.Qxh6 Nf7 18.Qh5 O-O 19.Rcd1 Kh8 20.Nd4 Rg8 21.Qxf7 Rxg2+ 22.Kf1 Rg7
23.Nxe6 Bg2+ 24.Kg1 dxe6 25.Qxg7+ Kxg7 26.Kxg2 Bc5 27.Be2 Kh8 28.Bf3 Rg8+
29.Kh1 Bxf2 30.Re2 Bb6 31.Rde1 Qc4 32.Nd1 Qd4 33.Nf2 Qxb2 34.Nd3 Qxa3 35.Rg2 Rxg2
36.Kxg2 Qc3  0-1

[Event "1st Wittelsbach Open"]
[Site "Kelheim GER"]
[Date "2012.12.29"]
[Round "7"]
[White "Berchtenbreiter,M"]
[Black "Meskovs,N"]
[Result "1/2-1/2"]
[WhiteElo "2360"]
[BlackElo "2314"]

1.e4 c5 2.Nf3 e6 3.d4 cxd4 4.Nxd4 a6 5.Nc3 Qc7 6.Bd3 Nf6 7.Qe2 d6 8.O-O Nbd7
9.a4 g6 10.Kh1 Bg7 11.f4 b6 12.Bd2 O-O 13.Rae1 Bb7 14.Nf3 Nc5 15.Qf2 d5 16.e5 Nfe4
17.Bxe4 Nxe4 18.Nxe4 dxe4 19.Nd4 Qd7 20.b3 f6 21.exf6 Bxf6 22.Be3 e5 23.Ne2 Bg7
24.Qg3 exf4 25.Rxf4 Rxf4 26.Nxf4 b5 27.axb5 axb5 28.h4 Qf5 29.Ne2 Rf8 30.Bd4 Bh6
31.Be3 Bg7 32.Nd4 Qd5 33.Qg5 Qxg5 34.hxg5 Bxd4 35.Bxd4 Rd8 36.Be3 Rd7 37.Kg1 Rc7
38.Re2 Kf7 39.Kf2 Ke6 40.Ke1 Rd7 41.Bc1 Bc6 42.Re3 Bb7 43.Rc3 Rd6 44.Rh3 Rd7
45.Bd2 Bd5 46.Kd1 Rf7 47.Be3 Rc7 48.Kd2 Rd7 49.Kc3 Rc7+ 50.Kb2 Ke5 51.Rh1 Kf5
52.Rd1 Bc6 53.Rd8 Kg4 54.Rf8 Bd5 55.Rb8 Bc6 56.Rf8 Bd5 57.Rf6 Rc6 58.Rf2 Rc7
59.Rd2 Be6 60.Ka3 Rd7 61.Re2 Rd5 62.Kb4 Bd7 63.Bc5 Kxg5 64.Rxe4 Bf5 65.Re7 h5  1/2-1/2